Visualizzazione normale
Vista MARC
- Lolini Ruggero
di Personal Name
Records bibliografici associati: 1
001 - CONTROL NUMBER
- control field: 43914
003 - CONTROL NUMBER IDENTIFIER
- control field: IT-RoPau
005 - DATE AND TIME OF LATEST TRANSACTION
- control field: 20151127120354.0
008 - FIXED-LENGTH DATA ELEMENTS
- fixed length control field: 151127|| aca||aabn | a|a d
040 ## - CATALOGING SOURCE
- Original cataloging agency: IT-RoPau
- Transcribing agency: IT-RoPau
100 ## - HEADING--PERSONAL NAME
- Personal name: Lolini Ruggero
- Relator term: (musica)
- Miscellaneous information: Codice Musica SPICS: 13188
670 ## - SOURCE DATA FOUND
- Source citation: Work cat.: (IT-RoPau)105888: Fraiese Paolo Codice regista SPICS: 29731 43910, GIORGIO LA PIRA-L'UOMO DELLA PACE GIORGIO LA PIRA-L'UOMO DELLA PACE (Rif. Codice opera principale : V0579)